000 00989nam a2200229Ii 4500
003 JO-AjNU
008 230605s9999||||xx |||||||||||||| ||und||
017 _a2013/5/1407
020 _a978-9957-83-285-8
040 _aJO-AjNU
_bara
_erda
_cJO-AjNU
041 _aara
050 1 4 _aG155 2014
100 3 _aالعلوان، حمزة وآخرون، م.مشارك درداكة، حمزة، م.مشارك ابو رحمة، مروان، م.مشارك كافي، مصطفى,
_eauthor
_951143
245 0 0 _aإدارة الموارد البشرية في المنشآت السياحية والفندقية = Humman Resources Management
250 _aط1
264 3 1 _aعمان: دار الاعصار، مكتبة المجتمع العربي، 2014
300 _a319ص
336 _atext
_btxt
_2rdacontent
337 _aunmediated
_bn
_2rdamedia
338 _avolume
_bnc
_2rdacarrier
650 4 _aالموارد البشرية-المنشات- السياحة ادارة الاعمال
_951144
999 _aA22572
_c26140
_d26140